Normal view
MARC view
Entry Personal Name
001 - CONTROL NUMBER
- control field: 18422
003 - CONTROL NUMBER IDENTIFIER
- control field: dpl
005 - DATE AND TIME OF LATEST TRANSACTION
- control field: 20100904155110.0
008 - FIXED-LENGTH DATA ELEMENTS
- fixed length control field: 100904|||a|||||| | ||| d
040 ## - CATALOGING SOURCE
- Original cataloging agency: dpl
- Transcribing agency: dpl
100 ## - HEADING--PERSONAL NAME
- Personal name: सिद्दीकी, शकील
670 ## - SOURCE DATA FOUND
- Source citation: Work cat.: (dpl)36464: ज़ाहिदा हिना 18420, पाकिस्तानी स्त्रीः यातना और संघर्ष /, 2010
670 ## - SOURCE DATA FOUND
- Source citation: Work cat.: (dpl)36464: ज़ाहिदा हिना 18420, पाकिस्तानी स्त्रीः यातना और संघर्ष /, 2010
